1982 1492 1816 1376 1932 1929 1238 1056 1460 1090 1412 1880 1084 1786 1617 1654 1664 1578 1111 1560 1140 1415 1483 1027 1950 1614 1298 1505 1168 1624 1209 1384 1423 1352 1917 1577 1401 1436 1465 1827 1583 1776 1936 1262 1572 1890 1163 1654 1235 1122 1919 1208 1692 1202 1109 1572 1471 1572 1628 1511 1721 1981 1674 1471 1640 1060 1293 1877 1915 1142 1109 1716 1061 1988 1122 1890 1898 1727 1504 1481 1792 1702 1812 1069 1658 1751 1926 1348 1754 1676 1834 1718 1434 1303 1643 1081 1326 1518 1362 BCNSPRNW ULIB Ver.6.0+V

เปลี่ยนเป็นภาษาไทย

Change to English
 แสดงรายละเอียดบรรณานุกรม
  กลับหน้าหลัก

Brief Record : Get Marc (ISO 2709) : E-mail record : QR code < ปิดหน้าต่าง
LEADER : 00000nam 2200000uu 4500
001    13399127963
003     ULIB
008    020711s2563 th a 000 0 tha d
020    ^a9786168243503
050    ^aนว.^bม-ล
100    ^aเมษาริน
245    ^aเล่ห์พระจันทร์
250    ^aพิมพ์ครั้งที่ 1
260    ^aกรุงเทพฯ :^bสำนักพิมพ์ดีบุ๊คส์,^c2563
300    ^a399 หน้า;^b21 ซม.
650    ^aนวนิยาย
945    ^p310^l0^i008553
999    ^aประนอม เกษจรัล
รายการนี้ยังไม่มีแท็ก
คุณยังไม่ได้ล็อกอิน คุณสามารถมีกิจกรรมร่วมกับเว็บไซต์ได้ แต่ต้องล็อกอินก่อน ::
  ล็อกอิน

รายการสื่อสารสนเทศ

ลำดับที่ ประเภท เลขเรียก/บาร์โค้ด สถานที่ สถานะ
1. นวนิยาย
นวนิยาย
นว. ม-ล ฉ.1 
  Barcode: 008553
ห้องสมุดวิทยาเขตสวรรค์ประชารักษ์
►นวนิยาย
บนชั้น
  ขอยืม

รายการใกล้เคียง
    ชื่อเรื่อง [เล่ห์พระจันทร์]

    ผู้แต่ง [เมษาริน]

    หัวเรื่อง [นวนิยาย]

BibComment


ยังไม่เคยถูกคอมเมนท์

คอมเมนท์ทรัพยากรรายการนี้
  คอมเมนท์: เล่ห์พระจันทร์


 Copyright 2026. Bcnsprnw @Library